| 000 -LEADER |
| fixed length control field |
00564cam a22001337a 4500 |
| 008 - FIXED-LENGTH DATA ELEMENTS--GENERAL INFORMATION |
| fixed length control field |
180718b1968 xxu||||| |||| 00| 0 eng d |
| 082 ## - DEWEY DECIMAL CLASSIFICATION NUMBER |
| Classification number |
B706x42 Un3/RS/3 |
| 100 ## - MAIN ENTRY--PERSONAL NAME |
| Personal name |
Royal Commission on Local Government in England |
| 245 ## - TITLE STATEMENT |
| Title |
Royal Commission on Local Government in England: research studies 3, economics of scale in local government services by the Institute of Social and Economic Research University of York |
| 260 ## - PUBLICATION, DISTRIBUTION, ETC. |
| Place of publication, distribution, etc. |
London |
| Name of publisher, distributor, etc. |
Her Majesty's Stationery Office |
| Date of publication, distribution, etc. |
1968 |
| 300 ## - PHYSICAL DESCRIPTION |
| Extent |
44+p. |
| 500 ## - GENERAL NOTE |
| General note |
Chairman: John Maud |
| 700 ## - ADDED ENTRY--PERSONAL NAME |
| Personal name |
Maud, John, Chairman |